Страны, граничащие с Бразилией - Statistics

General Stats
  • This quiz has been taken 728 times
  • The average score is 9 of 10
Answer Stats
Hint Answer % Correct
1,261 км Аргентина
99%
1,068 км Уругвай
95%
1,644 км Колумбия
93%
1,365 км Парагвай
92%
2,200 км Венесуэла
91%
2,995 км Перу
90%
3,423 км Боливия
86%
1,606 км Гайана
80%
593 км Суринам
80%
730 км Франция (Французкая Гвиана)
70%
No matching quizzes found
Score Distribution
Percent of People with Each Score
Percentile by Number Answered
Your Score History
You have not taken this quiz